Rammstein - Weit Weg (lyrics) - Statistiken

Allgemein
  • Dieses Quiz wurde 75 mal gespielt
  • Das Durchschnittsergebnis liegt bei 106 aus 155
Antwortstatistiken
Antwort % Korrekt
weg
98%
weit
98%
Weit,
98%
So
95%
so
95%
nah
91%
wir
89%
sie
86%
von
86%
er
84%
Er
84%
da
82%
Die
82%
die
82%
sind
82%
dir
77%
Ganz
77%
das
75%
Hat
75%
ihr
75%
Licht
73%
Der
70%
der
70%
seine
70%
dass
68%
ist
68%
Und
68%
anlässt
66%
eine
64%
gepresst
64%
Gesicht
64%
hofft,
64%
Ich
64%
kann
64%
mir
64%
mit
64%
Mit
64%
Fantasie
61%
Fensterscheibe
61%
Hand
61%
in
61%
nie
61%
seiner
61%
am
59%
Bild
59%
es
59%
Herrin
59%
Ohne
59%
sehr
59%
beschreiben
57%
einer
57%
ihm
57%
sah
57%
zum
57%
Fensterrand
55%
gewogen
55%
Kleid
55%
Mond
55%
Niemand
55%
Sonne
55%
Bogen
52%
Gegen
52%
Spannt
52%
Steht
52%
Anblick
50%
Herz
50%
vom
50%
Farben
48%
Malt
48%
schlägt
48%
Wenn
48%
wild
48%
wird
48%
alle
45%
Atem
45%
küsst
45%
nimmt
45%
Sterne
45%
uns
45%
fallen,
43%
hier
43%
Lässt
43%
sich
43%
stockt,
43%
füllen
41%
Gläser
41%
Hüllen
41%
Melodie
41%
Raum
41%
Weil
41%
Mondlicht
39%
Singt
39%
dunkel
36%
immer
36%
stehle
36%
zitternd
36%
Mitternacht
34%
Wieder
34%
Keine übereinstimmenden Quizze gefunden
Verteilung der Resultate
Anzahl Personen mit jedem Resultat
Perzentil nach korrekt beantworteten Fragen
Ihre Resultats-Entwicklung
Sie haben dieses Quiz noch nicht gespielt